LEADER 01750nam 2200565 450 001 9910574858703321 005 20240221141517.0 010 $a9783030966980$b(electronic bk.) 010 $z9783030966973 035 $a(MiAaPQ)EBC7013200 035 $a(Au-PeEL)EBL7013200 035 $a(CKB)23524790500041 035 $aEBL7013200 035 $a(OCoLC)1328132918 035 $a(AU-PeEL)EBL7013200 035 $a(EXLCZ)9923524790500041 100 $a20221219d2022 uy 0 101 0 $aeng 135 $aurcnu|||||||| 181 $ctxt$2rdacontent 182 $cc$2rdamedia 183 $acr$2rdacarrier 200 04$aThe age of clean label foods /$fedited by Charis M. Galanakis 210 1$aCham, Switzerland :$cSpringer,$d[2022] 210 4$d©2022 215 $a1 online resource (259 pages) 300 $aDescription based upon print version of record. 311 08$aPrint version: Galanakis, Charis M. The Age of Clean Label Foods Cham : Springer International Publishing AG,c2022 9783030966973 320 $aIncludes bibliographical references and index. 606 $aFood$xLabeling 606 $aFood$xComposition 606 $aFood additives 606 $aAliments$2thub 606 $aEtiquetatge$2thub 606 $aQuímica dels aliments$2thub 608 $aLlibres electrònics$2thub 615 0$aFood$xLabeling. 615 0$aFood$xComposition. 615 0$aFood additives. 615 7$aAliments 615 7$aEtiquetatge 615 7$aQuímica dels aliments 676 $a664 702 $aGalanakis$b Charis M. 801 0$bMiAaPQ 801 1$bMiAaPQ 801 2$bMiAaPQ 912 $a9910574858703321 996 $aThe age of clean label foods$92998638 997 $aUNINA LEADER 03920nam 2200769z- 450 001 9910946920703321 005 20211106 035 $a(CKB)5400000000041273 035 $a(oapen)https://directory.doabooks.org/handle/20.500.12854/72598 035 $a(NjHacI)995400000000041273 035 $a(oapen)doab72598 035 $a(EXLCZ)995400000000041273 100 $a20202111d2020 |y 0 101 0 $aeng 135 $aurmn|---annan 181 $ctxt$2rdacontent 182 $cc$2rdamedia 183 $acr$2rdacarrier 200 00$aPrivatportra?t. Die Darstellung realer Personen in der spa?tantiken und byzantinischen Kunst: Akten des Internationalen Workshops an der O?sterreichischen Akademie der Wissenschaften in Wien 14.-15. Februar 2013 210 $cVerlag der O?sterreichischen Akademie der Wissenschaften$d2020 215 $a1 online resource 311 08$a3-7001-8373-9 330 $aForschungen zu Anla?ssen und Formen privater Darstellungen in der Kunst vom Ausgang der Antike bis zum Ende des Mittelalters sind bislang selten und wenig systematisch durchgefu?hrt worden. Dieser Band legt die Akten einer 2013 an der O?sterreichischen Akademie der Wissenschaften abgehaltenen internationalen Tagung vor. Seine Beitra?ge widmeten sich dem Privatportra?t zwischen Spa?tantike und Byzanz auf ganz unterschiedlichen Monumentengruppen und zu Aspekten in weiter diachronischer und methodischer Perspektive. 330 $aResearch on occasions and forms of private representation in art from the close of Antiquity to the end of the Middle Ages has so far been carried out rarely and not very systematically. This volume presents the proceedings of an international conference held at the Austrian Academy of Sciences in 2013. His contributions were devoted to private portraits between Late Antiquity and Byzantium on very different groups of monuments and on aspects in a broad diachronic and methodological perspective. 517 $aPrivatporträt. Die Darstellung realer Personen in der spätantiken und byzantinischen Kunst 517 $aPrivatporträt. Die Darstellung realer Personen in der spätantiken und byzantinischen Kunst 606 $aAncient Rome$2bicssc 606 $aAncient World$2bicssc 606 $aArchaeology by period / region$2bicssc 606 $aByzantine Empire$2bicssc 606 $ac 1000 CE to c 1500$2bicssc 606 $ac 500 to c 1000 CE$2bicssc 606 $aClassical style$2bicssc 606 $aEastern Europe$2bicssc 606 $aHistory of art$2bicssc 606 $aMedieval style$2bicssc 606 $aPortraits and self-portraiture in art$2bicssc 606 $aSouthern Europe$2bicssc 610 $aChristian Archaeology, Late Antique art, portraits, Byzantine art 610 $aChristliche Archa?ologie, Spa?tantike Kunst, Portra?ts, Byzantinische Kunst 610 $aO?FOS 2012, Art history 610 $aO?FOS 2012, Christian archaeology 610 $aO?FOS 2012, Christliche Archa?ologie 610 $aO?FOS 2012, Classical archaeology 610 $aO?FOS 2012, Klassische Archa?ologie 610 $aO?FOS 2012, Kunstgeschichte 615 7$aAncient Rome 615 7$aAncient World 615 7$aArchaeology by period / region 615 7$aByzantine Empire 615 7$ac 1000 CE to c 1500 615 7$ac 500 to c 1000 CE 615 7$aClassical style 615 7$aEastern Europe 615 7$aHistory of art 615 7$aMedieval style 615 7$aPortraits and self-portraiture in art 615 7$aSouthern Europe 676 $a704.9420902 700 $aTsamakda$b Vasiliki$0475075 702 $aZimmermann$b Norbert 801 0$bNjHacI 801 1$bNjHacl 906 $aBOOK 912 $a9910946920703321 996 $aPrivatportra?t. Die Darstellung realer Personen in der spa?tantiken und byzantinischen Kunst$93364507 997 $aUNINA